000 00998nam a22002417a 4500
999 _c3465
_d3465
005 20240123090242.0
008 240123b ||||| |||| 00| 0 eng d
020 _a9785001015383
040 _cKH8
082 _a688.725 DKP
245 _aWorld of the super-villains /
_cDK Publishing
260 _aNew York, NY,
_bDK Publishing,
_c2018
300 _a27 pages :
_bcolor illustrations ;
_c24 cm
440 _a LEGO DC Universe super heroes
500 _a"Contains content previously published in LEGO DC Super Heroes: Character Encyclopedia (2016), LEGO DC Super Heroes: The Awesome Guide (2017), LEGO DC Super Heroes: Visual Dictionary (2018)."--Title page verso
520 _a"Look out! There are menacing super-villains about! Learn all about the crooks who are always causing mayhem."--Back cover
650 _aJuvenile works
650 _aLEGO toys
650 _aLEGO toys Juvenile literature
650 _aSuperheroes
710 _aDK Publishing
_ePublisher
942 _2ddc
_cNFIC